| 000 | 00616nam a2200181 a 4500 | ||
|---|---|---|---|
| 003 | MX-MxUPN | ||
| 005 | 20250326150747.0 | ||
| 008 | 250326s2004 fr |||||r|||| 100 0 spa d | ||
| 040 |
_aMX-MxUPN _bspa _cMX-MxUPN |
||
| 041 | 0 | _aspa | |
| 050 | 1 | 4 |
_aGB652 _bR48 2004 |
| 245 | 0 | 0 |
_a16a reunión del Consejo Intergubernamental : _bParís, 20-24 de septiembre de 2004 : informe final |
| 260 |
_aParís : _bOrganización de las Naciones Unidas para la Educación, la Ciencia y la Cultura, _c2004. |
||
| 300 | _a1 volumen | ||
| 650 | 4 |
_aHidrología _vCongresos _956173 |
|
| 902 | _aVíctor Ruiz/260325 | ||
| 942 |
_2lcc _cFOLL |
||
| 999 |
_c213008 _d213008 |
||